000 01393nam a2200361 i 4500
001 ELB268354
003 FINmELB
005 20250326043606.0
006 m o u
007 cr cn|||||||||
008 240722s2022 ag ob 000 0 spa d
020 _z9789878406831
035 _a(OCoLC)1449571400
040 _aFINmELB
_bspa
_erda
_cFINmELB
050 1 4 _aRJ506.H9
_bH877 2022
080 _a616.89-008.481-056.24-053.2
082 0 4 _a618.9
_223
100 1 _aHuberman, Alejandro,
_eautor.
245 1 3 _aEl mito del déficit de atención con-sin hiperactividad (ADD/ADHD) :
_brequiem para un trastorno /
_cAlejandro Huberman.
264 1 _aBuenos Aires :
_bRicardo Vergara Ediciones,
_c2022.
300 _a1 recurso en línea (93 páginas)
336 _atexto
_btxt
_2rdamedia/spa
337 _acomputadora
_bc
_2rdamedia/spa
338 _arecurso en línea
_bcr
_2rdacarrier/spa
504 _aContiene bibliografía.
588 _aDescripción basada en metadatos suministrados por el editor y otras fuentes.
590 _aRecurso electrónico. Santa Fe, Arg.: elibro, 2024. Disponible vía World Wide Web. El acceso puede estar limitado para las bibliotecas afiliadas a elibro.
650 4 _aNiños hiperactivos.
650 4 _aPsicoanálisis.
655 4 _aLibros electrónicos.
797 2 _aelibro, Corp.
856 4 0 _uhttps://elibro.net/ereader/usam/268354
999 _c149166
_d149166